| 000 | 00617nam a2200217Ia 4500 | ||
|---|---|---|---|
| 001 | 8892 | ||
| 005 | 20240113234140.0 | ||
| 007 | ta | ||
| 008 | 050722s1908 a g b000 u eng u | ||
| 040 | _aCotton College,Assam | ||
| 041 | _aeng | ||
| 082 |
_a824.9 _bSp 46 Cr |
||
| 100 | _aSpingarm, J.E. . | ||
| 245 | 0 |
_aCritical Essays of the Seventeenth Century Vol. 1 / _cJ.E. Spingarm. _hTextual Documents |
|
| 260 |
_aOxford : _bUniversity of Oxford , _c1908. |
||
| 300 |
_acvi, 255p. : _bill. ; _c18cm. . |
||
| 653 | _aEnglish-Essay-Criticism | ||
| 942 |
_2ddc _cBK |
||
| 999 |
_c8879 _d8879 |
||